Pokemon with Q in their name - Statistics

General Stats
  • This quiz has been taken 242 times
    228 since last reset
  • The average score is 5 of 11
Answer Stats
Hint Answer % Correct
Quilava
81%
Qwilfish
80%
Quagsire
69%
Quilladin
55%
Cyndaquil
42%
Squirtle
32%
Nidoqueen
30%
Rayquaza
30%
Masquerain
27%
Vespiquen
26%
Tranquill
25%
No matching quizzes found
Score Distribution
Percent of People with Each Score
Percentile by Number Answered
Your Score History
You have not taken this quiz since the last reset